000 00531nam a2200121Ia 4500
008 220615s9999||||xx |||||||||||||| ||und||
100 _aDraskozcy, Julie S.
245 0 _aBelomor
_bCriminality and Creativity in Stalin’s Gulag
546 _aEnglish[eng]
650 _aHistory||History||Collage||Gulag||Joseph Stalin||Soviet Union||White Sea–Baltic Canal
856 _uhttps://library.oapen.org/bitstream/20.500.12657/30928/1/641414.pdf||https://library.oapen.org/bitstream/20.500.12657/30928/1/641414.pdf
942 _cEB
999 _c12566
_d12566